000 00296nam a22001337a 4500
008 171020b xxu||||| |||| 00| 0 eng d
020 _a0805830022
041 _aeng
080 _a338
100 _a54
101 _aMEN
245 _aTELECOMUNICATIONS MANAGEMENT
_cGERSHON,R.A
942 _2udc
_cBK
999 _c35059
_d35059